Broadcasting, cable, the internet, and beyond : an introduction to modern electronic media / (Record no. 1217)

000 -LEADER
fixed length control field 01538cam a2200385 a 4500
001 - CONTROL NUMBER
control field 16606741
003 - CONTROL NUMBER IDENTIFIER
control field OSt
005 - DATE AND TIME OF LATEST TRANSACTION
control field 20140116120848.0
008 - FIXED-LENGTH DATA ELEMENTS--GENERAL INFORMATION
fixed length control field 110111s2012 nyua b 001 0 eng
010 ## - LIBRARY OF CONGRESS CONTROL NUMBER
LC control number 2011000792
020 ## - INTERNATIONAL STANDARD BOOK NUMBER
International Standard Book Number 9780073512037 (pbk. : acidfree paper)
020 ## - INTERNATIONAL STANDARD BOOK NUMBER
International Standard Book Number 0073512036
040 ## - CATALOGING SOURCE
Original cataloging agency DLC
Transcribing agency DLC
Modifying agency DLC
042 ## - AUTHENTICATION CODE
Authentication code pcc
043 ## - GEOGRAPHIC AREA CODE
Geographic area code n-us---
050 00 - LIBRARY OF CONGRESS CALL NUMBER
Classification number HE8689.8 .D66 2012
082 00 - DEWEY DECIMAL CLASSIFICATION NUMBER
Classification number 384.0973
Edition number 22
100 1# - MAIN ENTRY--PERSONAL NAME
Personal name Dominick, Joseph R.
245 10 - TITLE STATEMENT
Title Broadcasting, cable, the internet, and beyond : an introduction to modern electronic media /
Statement of responsibility, etc Joseph R. Dominick, Fritz Messere, Barry L. Sherman.
250 ## - EDITION STATEMENT
Edition statement 7th ed.
260 ## - PUBLICATION, DISTRIBUTION, ETC. (IMPRINT)
Place of publication, distribution, etc New York :
Name of publisher, distributor, etc McGraw-Hill,
Date of publication, distribution, etc c2012.
300 ## - PHYSICAL DESCRIPTION
Extent 1 v. (various pagings) :
Other physical details ill. ;
Dimensions 26 cm.
500 ## - GENERAL NOTE
General note Rev. ed. of: Broadcasting, cable, the Internet, and beyond. 6th ed. c2008.
504 ## - BIBLIOGRAPHY, ETC. NOTE
Bibliography, etc Includes bibliographical references and index.
650 #0 - SUBJECT ADDED ENTRY--TOPICAL TERM
Topical term or geographic name as entry element Broadcasting
Geographic subdivision United States.
650 #0 - SUBJECT ADDED ENTRY--TOPICAL TERM
Topical term or geographic name as entry element Internet
Geographic subdivision United States.
650 #0 - SUBJECT ADDED ENTRY--TOPICAL TERM
Topical term or geographic name as entry element Telecommunication
Geographic subdivision United States.
700 1# - ADDED ENTRY--PERSONAL NAME
Personal name Messere, Fritz.
700 1# - ADDED ENTRY--PERSONAL NAME
Personal name Sherman, Barry L.
700 1# - ADDED ENTRY--PERSONAL NAME
Personal name Dominick, Joseph R.
Title of a work Broadcasting, cable, the Internet, and beyond.
856 42 - ELECTRONIC LOCATION AND ACCESS
Materials specified Contributor biographical information
Uniform Resource Identifier <a href="http://www.loc.gov/catdir/enhancements/fy1107/2011000792-b.html">http://www.loc.gov/catdir/enhancements/fy1107/2011000792-b.html</a>
856 42 - ELECTRONIC LOCATION AND ACCESS
Materials specified Publisher description
Uniform Resource Identifier <a href="http://www.loc.gov/catdir/enhancements/fy1107/2011000792-d.html">http://www.loc.gov/catdir/enhancements/fy1107/2011000792-d.html</a>
856 41 - ELECTRONIC LOCATION AND ACCESS
Materials specified Table of contents only
Uniform Resource Identifier <a href="http://www.loc.gov/catdir/enhancements/fy1109/2011000792-t.html">http://www.loc.gov/catdir/enhancements/fy1109/2011000792-t.html</a>
942 ## - ADDED ENTRY ELEMENTS (KOHA)
Source of classification or shelving scheme
Koha item type Book
Holdings
Withdrawn status Lost status Source of classification or shelving scheme Damaged status Not for loan Home library Current library Date acquired Total Checkouts Full call number Barcode Date last seen Copy number Price effective from Koha item type
          Riara University Library Riara University Library 05/09/2013   HE8689.8.D66 2012 4324/13 05/09/2013 C.1 05/09/2013 Book
          Riara University Library Riara University Library 05/09/2013   HE8689.8.D66 2012 4323/13 05/09/2013 C.2 05/09/2013 Book
          Riara University Library Riara University Library 05/09/2013   HE8689.8.D66 2012 4322/13 05/09/2013 C.3 05/09/2013 Book

Riara University Library,
P.O. Box 49940-00100,
Nairobi, Kenya.